| 000 | 00000cam 2200000zi 4500 |
| 001 | 9.961222 |
| 003 | CaOODSP |
| 005 | 20260511145923 |
| 006 | m o d f |
| 007 | cr cn |||||||| |
| 008 | 260323e202604##onc o f000 0 fre d |
| 020 | |a9780660991597 |
| 040 | |aCaOODSP|bfre|erda|cCaOODSP |
| 043 | |an-cn--- |
| 086 | 1 |aH164-421/5-2026F-PDF |
| 245 | 00|aTrousse de préinspection des bonnes pratiques de fabrication des produits de santé naturels : |brenseignements demandés avant une inspection / |cOpérations réglementaires et de l'application de la loi. |
| 264 | 1|aOttawa (Ontario) : |bSanté Canada = Health Canada, |cavril 2026. |
| 264 | 4|c©2026 |
| 300 | |a1 ressource en ligne (4 pages non numérotées) |
| 336 | |atexte|btxt|2rdacontent/fre |
| 337 | |ainformatique|bc|2rdamedia/fre |
| 338 | |aressource en ligne|bcr|2rdacarrier/fre |
| 500 | |aTitre de la couverture. |
| 500 | |a« Non classifié. » |
| 500 | |aPublié aussi en anglais sous le titre : Natural health products good manufacturing practices pre-inspection package : information requested before an inspection. |
| 520 | |a« La liste de vérification suivante indique le type de renseignements que l'on pourrait vous demander de fournier à l'inspecteur avant une inspection. En fonction de l'activité exigeant une licence qui est évaluée, il peut vous être demandé de fournir d'autres renseignements » -- Page [3]. |
| 650 | 6|aProduits de santé naturels|xSécurité|xRèglements|zCanada. |
| 650 | 6|aProduits de santé naturels|xInspection|zCanada. |
| 710 | 1 |aCanada.|bSanté Canada. |bDirection générale des opérations réglementaires et de l'application de la loi, |eorganisme de publication. |
| 775 | 08|tNatural health products good manufacturing practices pre-inspection package : |w(CaOODSP)9.961223 |
| 856 | 40|qPDF|s501 Ko|uhttps://publications.gc.ca/collections/collection_2026/sc-hc/H164-421-5-2026-fra.pdf |
| 856 | 4 |qHTML|sS.O.|uhttps://www.canada.ca/fr/sante-canada/services/medicaments-produits-sante/conformite-application-loi/bonnes-pratiques-fabrication/documents-orientation/trousse-preinspection-bonnes-pratiques-fabrication-produits-sante-naturels/renseignements-demandes-avant-inspection.html |